[Event "PMPJ 2022 - C13"]
[Site "Jastrzebia Gora"]
[Date "2022.11.06"]
[Round "1.5"]
[White "Przybylski, Jan"]
[Black "Warchol, Wiktor"]
[Result "1/2-1/2"]
[BlackElo "1254"]
[WhiteElo "1638"]
[LiveChessVersion "1.4.4"]

1. e4 {[%clk 1:30:57]} c5 {[%clk 1:30:51]} 2. Nf3 {[%clk 1:31:21]} Nc6
{[%clk 1:31:13]} 3. d4 {[%clk 1:31:43]} cxd4 {[%clk 1:31:38]} 4. Nxd4
{[%clk 1:32:07]} g6 {[%clk 1:31:43]} 5. Nc3 {[%clk 1:32:23]} Bg7 {[%clk 1:32:06]}
6. Be3 {[%clk 1:32:46]} d6 {[%clk 1:32:19]} 7. Bc4 {[%clk 1:30:07]} Nf6
{[%clk 1:32:17]} 8. f3 {[%clk 1:29:42]} O-O {[%clk 1:32:24]} 9. Qd2
{[%clk 1:29:47]} Nxd4 {[%clk 1:32:09]} 10. Bxd4 {[%clk 1:29:56]} Qc7
{[%clk 1:31:59]} 11. Bb3 {[%clk 1:29:19]} Bd7 {[%clk 1:30:56]} 12. O-O-O
{[%clk 1:27:32]} Nh5 {[%clk 1:21:04]} 13. Bxg7 {[%clk 1:25:55]} Nxg7
{[%clk 1:11:00]} 14. h4 {[%clk 1:23:02]} Be6 {[%clk 1:08:54]} 15. Bxe6
{[%clk 1:16:49]} fxe6 {[%clk 1:08:27]} 16. h5 {[%clk 1:02:09]} gxh5
{[%clk 1:03:49]} 17. Ne2 {[%clk 0:46:44]} Qc5 {[%clk 1:01:03]} 18. Ng3
{[%clk 0:40:35]} Qe5 {[%clk 0:51:10]} 19. Rh3 {[%clk 0:37:55]} Qf4
{[%clk 0:49:19]} 20. Nxh5 {[%clk 0:35:51]} Qxd2+ {[%clk 0:48:59]} 21. Kxd2
{[%clk 0:35:43]} Nxh5 {[%clk 0:48:49]} 22. Rxh5 {[%clk 0:36:11]} Rad8
{[%clk 0:47:32]} 23. Ke3 {[%clk 0:34:25]} e5 {[%clk 0:47:15]} 24. c4
{[%clk 0:32:22]} b6 {[%clk 0:46:01]} 25. b3 {[%clk 0:23:31]} a6 {[%clk 0:45:40]}
26. Rg5+ {[%clk 0:22:32]} Kf7 {[%clk 0:42:36]} 27. Rh1 {[%clk 0:21:29]} Rh8
{[%clk 0:42:11]} 28. Rf5+ {[%clk 0:21:08]} Kg6 {[%clk 0:42:01]} 29. Rh3
{[%clk 0:18:04]} Rhg8 {[%clk 0:39:01]} 30. Rfh5 {[%clk 0:16:39]} Rh8
{[%clk 0:39:07]} 31. Rh6+ {[%clk 0:14:25]} Kg7 {[%clk 0:38:52]} 32. g4
{[%clk 0:12:23]} Rdf8 {[%clk 0:36:41]} 33. g5 {[%clk 0:12:10]} Rf4
{[%clk 0:36:02]} 34. Kf2 {[%clk 0:09:42]} Rff8 {[%clk 0:35:12]} 35. Kg3
{[%clk 0:09:35]} Rf4 {[%clk 0:35:04]} 36. g6 {[%clk 0:08:22]} Rf6
{[%clk 0:34:28]} 37. Rxh7+ {[%clk 0:08:29]} Rxh7 {[%clk 0:33:55]} 38. Rxh7+
{[%clk 0:07:19]} Kxg6 {[%clk 0:31:15]} 39. Rxe7 {[%clk 0:07:34]} Rf7
{[%clk 0:31:37]} 40. Rxf7 {[%clk 0:05:56]} Kxf7 {[%clk 0:31:58]} 41. f4
{[%clk 0:05:48]} exf4+ {[%clk 0:31:31]} 42. Kxf4 {[%clk 0:06:15]} Kf6
{[%clk 0:30:50]} 43. Ke3 {[%clk 0:04:25]} Ke5 {[%clk 0:25:34]} 44. a3
{[%clk 0:02:45]} a5 {[%clk 0:24:50]} 45. b4 {[%clk 0:02:37]} axb4
{[%clk 0:23:17]} 46. axb4 {[%clk 0:02:56]} Kf6 {[%clk 0:23:24]} 47. Kd4
{[%clk 0:02:16]} Ke6 {[%clk 0:23:18]} 48. Kc3 {[%clk 0:01:37]} Ke5
{[%clk 0:22:32]} 49. Kd3 {[%clk 0:02:04]} Kf6 {[%clk 0:22:06]} 50. Ke2
{[%clk 0:01:49]} Ke5 {[%clk 0:21:25]} 51. Ke3 {[%clk 0:02:11]} Kf6
{[%clk 0:21:26]} 52. Kd4 {[%clk 0:01:32]} Ke6 {[%clk 0:21:19]} 53. b5
{[%clk 0:00:53]} Ke7 {[%clk 0:20:49]} 54. Kd5 {[%clk 0:01:18]} Kd7
{[%clk 0:21:10]} 55. e5 {[%clk 0:01:20]} dxe5 {[%clk 0:20:38]} 56. Kxe5
{[%clk 0:01:49]} Ke7 {[%clk 0:20:36]} 57. Kd4 {[%clk 0:01:17]} Kd6
{[%clk 0:18:11]} 58. Kd3 {[%clk 0:01:09]} Kd7 {[%clk 0:16:50]} 59. Ke3
{[%clk 0:01:21]} Ke7 {[%clk 0:16:45]} 60. Kf3 {[%clk 0:01:12]} Kd7
{[%clk 0:16:31]} 61. Ke2 {[%clk 0:01:00]} Ke8 {[%clk 0:15:46]} 62. Kf2
{[%clk 0:00:57]} Kd8 {[%clk 0:15:30]} 63. Kf3 {[%clk 0:01:13]} Kd7
{[%clk 0:15:30]} 64. Ke2 {[%clk 0:01:17]} Ke8 {[%clk 0:15:43]} 65. Kd3
{[%clk 0:01:31]} Kd7 {[%clk 0:16:00]} 66. Kd4 {[%clk 0:01:34]} Kd6
{[%clk 0:16:17]} 67. Ke4 {[%clk 0:01:37]} Ke6 {[%clk 0:16:15]} 68. Kf4
{[%clk 0:01:47]} Kd6 {[%clk 0:16:30]} 69. Ke3 {[%clk 0:02:07]} Ke7
{[%clk 0:16:22]} 70. Ke2 {[%clk 0:02:01]} Ke8 {[%clk 0:16:30]} 71. Kd1
{[%clk 0:01:36]} Kd7 {[%clk 0:14:44]} 72. Kc2 {[%clk 0:01:47]} Ke6
{[%clk 0:14:30]} 73. Kc3 {[%clk 0:01:36]} Kd7 {[%clk 0:14:38]} 74. Kd3
{[%clk 0:01:59]} Ke7 {[%clk 0:14:40]} 75. Ke3 {[%clk 0:02:07]} Kd7
{[%clk 0:14:28]} 76. Kd3 {[%clk 0:00:58]} Ke7 {[%clk 0:14:11]} 77. Kc3
{[%clk 0:00:47]} Kd7 {[%clk 0:13:46]} 78. Kb4 {[%clk 0:00:42]} Kd6
{[%clk 0:13:37]} 79. Kb3 {[%clk 0:00:42]} Kd7 {[%clk 0:13:03]} 80. Kb2 Ke7
{[%clk 0:13:05]} 81. Kc1 {[%clk 0:00:54]} Ke6 {[%clk 0:12:38]} 82. Kd2
{[%clk 0:00:40]} Kd7 {[%clk 0:12:28]} 83. Ke2 {[%clk 0:00:39]} Ke8
{[%clk 0:12:29]} 84. Kf1 {[%clk 0:00:49]} Kd7 {[%clk 0:12:41]} 85. Kf2
{[%clk 0:01:09]} Ke7 {[%clk 0:12:45]} 86. Kf3 {[%clk 0:01:16]} Kd7
{[%clk 0:12:56]} 87. Kf4 {[%clk 0:01:29]} Kd6 {[%clk 0:13:15]} 88. Ke4
{[%clk 0:01:27]} Ke6 {[%clk 0:13:30]} 89. Kf3 {[%clk 0:01:37]} Kd7
{[%clk 0:13:42]} 90. Ke4 1/2-1/2

[Event "PMPJ 2022 - C13"]
[Site "Jastrzebia Gora"]
[Date "2022.11.06"]
[Round "1.6"]
[White "Budzen, Wojciech"]
[Black "Nocek, Dominik"]
[Result "0-1"]
[BlackElo "1605"]
[WhiteElo "1230"]
[LiveChessVersion "1.4.4"]

1. e4 {[%clk 1:30:57]} e5 {[%clk 1:30:52]} 2. Nf3 {[%clk 1:31:17]} Nc6
{[%clk 1:31:36]} 3. Bc4 {[%clk 1:31:32]} Nf6 {[%clk 1:31:53]} 4. d3
{[%clk 1:31:23]} Bc5 {[%clk 1:31:17]} 5. Nc3 {[%clk 1:31:06]} d6 {[%clk 1:31:17]}
6. Bg5 {[%clk 1:31:06]} h6 {[%clk 1:31:30]} 7. Bh4 {[%clk 1:31:13]} g5
{[%clk 1:31:30]} 8. Bg3 {[%clk 1:31:13]} a6 {[%clk 1:25:02]} 9. a4
{[%clk 1:24:58]} Bg4 {[%clk 1:25:02]} 10. h3 {[%clk 1:15:36]} Bh5
{[%clk 1:15:25]} 11. h4 Nd4 12. hxg5 {[%clk 1:13:24]} Nxf3+ {[%clk 1:08:57]} 13.
gxf3 {[%clk 1:13:22]} hxg5 {[%clk 1:08:32]} 14. Nd5 {[%clk 0:27:45]} Nxd5
{[%clk 0:51:08]} 15. Bxd5 {[%clk 0:27:57]} c6 {[%clk 0:47:24]} 16. f4
{[%clk 0:23:20]} Qa5+ {[%clk 0:43:51]} 17. c3 {[%clk 0:21:32]} Bxd1
{[%clk 0:43:21]} 18. Rxh8+ {[%clk 0:21:49]} Ke7 {[%clk 0:43:22]} 19. Rxa8
{[%clk 0:22:01]} exf4 {[%clk 0:34:11]} 20. b4 {[%clk 0:11:58]} Bxb4
{[%clk 0:33:11]} 21. cxb4 Qxb4+ {[%clk 0:33:21]} 22. Kxd1 {[%clk 0:12:03]} fxg3
{[%clk 0:27:48]} 23. fxg3 {[%clk 0:05:58]} cxd5 {[%clk 0:27:35]} 24. Rc8
{[%clk 0:03:13]} dxe4 {[%clk 0:25:05]} 25. Rc7+ {[%clk 0:01:35]} Ke6
{[%clk 0:23:37]} 26. Kc2 Qd4 {[%clk 0:18:58]} 27. Ra3 {[%clk 0:00:42]} Qf2+
{[%clk 0:18:21]} 28. Kd1 {[%clk 0:00:42]} e3 {[%clk 0:18:09]} 29. Rc8
{[%clk 0:00:32]} Qd2# {[%clk 0:18:33]} 0-1

[Event "PMPJ 2022 - C13"]
[Site "Jastrzebia Gora"]
[Date "2022.11.06"]
[Round "1.7"]
[White "Kowalski, Witold"]
[Black "Raszkiewicz, Wiktor"]
[Result "1-0"]
[BlackElo "1221"]
[WhiteElo "1528"]
[LiveChessVersion "1.4.4"]

1. e4 {[%clk 1:30:56]} e5 {[%clk 1:30:50]} 2. Nf3 {[%clk 1:31:13]} Nc6
{[%clk 1:31:12]} 3. Bc4 {[%clk 1:31:18]} Bc5 {[%clk 1:31:23]} 4. c3
{[%clk 1:31:34]} Nf6 {[%clk 1:31:34]} 5. d3 {[%clk 1:31:36]} d6 {[%clk 1:31:47]}
6. h3 {[%clk 1:21:39]} Be6 {[%clk 1:28:20]} 7. Bb3 {[%clk 1:18:30]} Bxb3
{[%clk 1:27:17]} 8. Qxb3 Bb6 {[%clk 1:26:33]} 9. O-O {[%clk 1:12:37]} h6
{[%clk 1:25:21]} 10. Re1 {[%clk 1:09:35]} O-O {[%clk 1:24:34]} 11. Nbd2
{[%clk 1:05:23]} Qe7 {[%clk 1:18:45]} 12. Nf1 {[%clk 1:02:11]} Rad8
{[%clk 1:10:26]} 13. Ng3 {[%clk 1:00:34]} Qe6 {[%clk 1:05:41]} 14. Qc2
{[%clk 0:44:30]} Rfe8 {[%clk 0:56:15]} 15. b3 {[%clk 0:36:08]} a6
{[%clk 0:40:35]} 16. Bb2 {[%clk 0:30:37]} Rd7 {[%clk 0:36:19]} 17. Rad1
{[%clk 0:28:11]} Ne7 {[%clk 0:31:19]} 18. d4 {[%clk 0:22:22]} Ng6
{[%clk 0:29:23]} 19. Bc1 {[%clk 0:09:53]} c6 {[%clk 0:28:39]} 20. Be3
{[%clk 0:04:11]} exd4 {[%clk 0:27:31]} 21. cxd4 {[%clk 0:03:35]} Qe7
{[%clk 0:24:22]} 22. Bc1 {[%clk 0:03:08]} Qd8 {[%clk 0:22:16]} 23. a3
{[%clk 0:02:02]} Qc7 {[%clk 0:19:15]} 24. Re2 {[%clk 0:01:52]} Rde7
{[%clk 0:19:09]} 25. Rde1 {[%clk 0:01:59]} d5 {[%clk 0:18:09]} 26. e5
{[%clk 0:02:18]} Nd7 {[%clk 0:18:00]} 27. b4 {[%clk 0:02:04]} Ndf8
{[%clk 0:16:56]} 28. Nf5 {[%clk 0:00:45]} Rd7 {[%clk 0:16:44]} 29. h4
{[%clk 0:00:50]} Ne7 {[%clk 0:15:16]} 30. Nd6 {[%clk 0:00:36]} Red8
{[%clk 0:14:49]} 31. h5 {[%clk 0:00:36]} Nc8 {[%clk 0:13:44]} 32. Nf5
{[%clk 0:00:41]} Ne7 {[%clk 0:13:30]} 33. g4 {[%clk 0:00:37]} Ne6
{[%clk 0:12:34]} 34. Qd3 {[%clk 0:00:43]} Nf8 {[%clk 0:03:29]} 35. Kh1
{[%clk 0:00:45]} Nxf5 {[%clk 0:01:38]} 36. gxf5 {[%clk 0:00:58]} Nh7
{[%clk 0:01:08]} 37. Rg1 {[%clk 0:01:02]} Kh8 {[%clk 0:01:29]} 38. Nh4
{[%clk 0:00:41]} Rg8 {[%clk 0:01:50]} 39. Qg3 {[%clk 0:00:43]} f6
{[%clk 0:01:49]} 40. Ng6# {[%clk 0:01:06]} 1-0

[Event "PMPJ 2022 - C13"]
[Site "Jastrzebia Gora"]
[Date "2022.11.06"]
[Round "1.8"]
[White "Baranowski, Jan"]
[Black "Krogulski, Maksymilian"]
[Result "1-0"]
[BlackElo "1515"]
[WhiteElo "1212"]
[LiveChessVersion "1.4.4"]

1. d4 {[%clk 1:30:57]} d5 {[%clk 1:31:00]} 2. c4 {[%clk 1:31:19]} c6
{[%clk 1:31:29]} 3. cxd5 {[%clk 1:31:34]} cxd5 {[%clk 1:31:58]} 4. Nc3
{[%clk 1:31:39]} Nf6 {[%clk 1:32:24]} 5. Nf3 e6 {[%clk 1:32:13]} 6. Bf4
{[%clk 1:29:13]} Bb4 {[%clk 1:32:26]} 7. e3 {[%clk 1:27:36]} Bd7 {[%clk 1:32:19]}
8. a3 Bxc3+ {[%clk 1:32:07]} 9. bxc3 {[%clk 1:18:18]} O-O {[%clk 1:32:10]} 10.
Bd3 {[%clk 1:18:44]} Qa5 {[%clk 1:32:06]} 11. Qb3 {[%clk 1:17:02]} b5
{[%clk 1:30:23]} 12. O-O {[%clk 1:17:22]} Rc8 {[%clk 1:30:40]} 13. Rfc1
{[%clk 1:15:11]} Nh5 {[%clk 1:28:20]} 14. Bg3 {[%clk 1:10:01]} Nxg3
{[%clk 1:28:18]} 15. hxg3 {[%clk 1:10:20]} Na6 {[%clk 1:25:57]} 16. Rab1
{[%clk 1:06:44]} Rab8 {[%clk 1:25:56]} 17. g4 {[%clk 0:49:23]} f6
{[%clk 1:24:08]} 18. g5 {[%clk 0:49:00]} Rc7 {[%clk 1:20:42]} 19. gxf6
{[%clk 0:46:51]} gxf6 {[%clk 1:20:55]} 20. Rb2 {[%clk 0:44:45]} Rbc8
{[%clk 1:13:29]} 21. Rbc2 {[%clk 0:44:56]} Rb8 {[%clk 1:11:01]} 22. g3
{[%clk 0:34:38]} Be8 {[%clk 1:07:11]} 23. Nh4 {[%clk 0:31:51]} Kg7
{[%clk 1:06:42]} 24. Kg2 {[%clk 0:31:03]} Rcc8 {[%clk 1:03:58]} 25. f4
{[%clk 0:23:42]} f5 {[%clk 1:03:23]} 26. Nf3 {[%clk 0:23:08]} Qb6
{[%clk 0:57:04]} 27. Ne5 {[%clk 0:20:30]} Qb7 {[%clk 0:53:59]} 28. Rh1
{[%clk 0:19:59]} Rc4 {[%clk 0:53:44]} 29. Kg1 {[%clk 0:14:21]} Rc7
{[%clk 0:52:10]} 30. Rch2 {[%clk 0:13:34]} Kg8 {[%clk 0:51:03]} 31. Kf2
{[%clk 0:12:36]} Rbc8 {[%clk 0:50:44]} 32. Rc1 {[%clk 0:12:35]} b4
{[%clk 0:44:39]} 33. Bxa6 {[%clk 0:11:45]} Qxa6 {[%clk 0:45:06]} 34. axb4
{[%clk 0:09:58]} Qa4 {[%clk 0:41:36]} 35. Qb2 {[%clk 0:07:48]} a5
{[%clk 0:34:18]} 36. Ra1 {[%clk 0:07:09]} Rxc3 {[%clk 0:31:35]} 37. Rxa4
{[%clk 0:05:50]} Rc2+ {[%clk 0:22:20]} 38. Qxc2 {[%clk 0:03:56]} Rxc2+
{[%clk 0:22:10]} 39. Kg1 {[%clk 0:04:08]} Rc1+ {[%clk 0:21:34]} 40. Kg2
{[%clk 0:04:14]} Bxa4 {[%clk 0:21:51]} 41. bxa5 {[%clk 0:04:28]} Bb5
{[%clk 0:21:01]} 42. Rh6 {[%clk 0:04:20]} Rc2+ {[%clk 0:20:02]} 43. Kg1
{[%clk 0:03:58]} Rc1+ {[%clk 0:18:56]} 44. Kf2 {[%clk 0:03:54]} Rc2+
{[%clk 0:18:18]} 45. Kg1 {[%clk 0:02:07]} Rc1+ {[%clk 0:18:31]} 46. Kh2
{[%clk 0:01:53]} Rc2+ {[%clk 0:16:24]} 47. Kh3 {[%clk 0:02:09]} Ra2
{[%clk 0:12:53]} 48. Rxe6 {[%clk 0:02:08]} Rxa5 {[%clk 0:13:22]} 49. Rf6
{[%clk 0:01:45]} Ba6 {[%clk 0:07:54]} 50. Nc6 {[%clk 0:02:04]} Ra3
{[%clk 0:05:58]} 51. Rxf5 {[%clk 0:01:53]} Rxe3 {[%clk 0:04:59]} 52. Rxd5
{[%clk 0:01:25]} Bd3 {[%clk 0:04:55]} 53. Re5 {[%clk 0:01:28]} Bf1+
{[%clk 0:03:45]} 54. Kh4 {[%clk 0:01:34]} Rc3 {[%clk 0:03:59]} 55. d5
{[%clk 0:01:42]} Bb5 {[%clk 0:03:47]} 56. Ne7+ {[%clk 0:01:59]} Kf7
{[%clk 0:03:47]} 57. Nf5 {[%clk 0:01:57]} Bd3 {[%clk 0:03:30]} 58. Re3
{[%clk 0:01:52]} Kf6 {[%clk 0:02:27]} 59. Nd4 {[%clk 0:02:05]} h5
{[%clk 0:02:12]} 60. Re6+ {[%clk 0:01:41]} Kf7 {[%clk 0:02:37]} 61. d6
{[%clk 0:01:39]} Rc4 {[%clk 0:02:12]} 62. Re7+ {[%clk 0:01:24]} Kf6
{[%clk 0:02:36]} 63. Re6+ {[%clk 0:00:38]} Kf7 {[%clk 0:03:05]} 64. Re7+
{[%clk 0:00:33]} Kf6 {[%clk 0:03:35]} 65. Nf3 {[%clk 0:00:49]} Rc6
{[%clk 0:03:20]} 66. Ne5 {[%clk 0:00:33]} Rxd6 {[%clk 0:03:04]} 67. Rf7+
{[%clk 0:00:59]} Ke6 {[%clk 0:03:30]} 68. Kxh5 {[%clk 0:00:58]} Rd8
{[%clk 0:03:02]} 69. g4 {[%clk 0:01:00]} Rh8+ {[%clk 0:02:22]} 70. Kg5
{[%clk 0:01:16]} Rg8+ {[%clk 0:02:28]} 71. Kh4 {[%clk 0:01:33]} Be2
{[%clk 0:02:04]} 72. g5 {[%clk 0:00:59]} Rh8+ {[%clk 0:02:04]} 73. Kg3
{[%clk 0:01:21]} Bh5 {[%clk 0:02:23]} 74. Rf6+ {[%clk 0:01:43]} Ke7
{[%clk 0:02:51]} 75. Rh6 {[%clk 0:02:04]} Rxh6 {[%clk 0:02:53]} 76. gxh6
{[%clk 0:02:28]} Kf6 {[%clk 0:03:10]} 77. Kh4 {[%clk 0:02:44]} Be8
{[%clk 0:03:39]} 78. Kg4 {[%clk 0:02:41]} Ba4 {[%clk 0:03:22]} 79. Kh5
{[%clk 0:02:00]} Be8+ {[%clk 0:03:08]} 80. Kh4 {[%clk 0:02:06]} Ba4
{[%clk 0:01:17]} 81. Ng4+ {[%clk 0:02:06]} Kg6 {[%clk 0:01:16]} 82. f5+
{[%clk 0:02:27]} Kh7 {[%clk 0:01:46]} 83. Kg5 {[%clk 0:02:43]} Bb3
{[%clk 0:01:33]} 84. f6 {[%clk 0:03:04]} Kg8 {[%clk 0:01:41]} 85. Ne5
{[%clk 0:03:06]} Ba2 {[%clk 0:01:41]} 86. Nc6 {[%clk 0:03:02]} Kh7
{[%clk 0:01:05]} 87. Nd4 {[%clk 0:02:28]} Bf7 {[%clk 0:00:55]} 88. Nf3
{[%clk 0:02:39]} Bb3 {[%clk 0:00:56]} 89. Ne5 {[%clk 0:02:55]} Kg8
{[%clk 0:01:23]} 90. Ng6 {[%clk 0:02:46]} Bf7 {[%clk 0:01:50]} 91. Nf8
{[%clk 0:02:17]} Be8 {[%clk 0:01:20]} 92. h7+ {[%clk 0:02:21]} Kh8
{[%clk 0:01:49]} 93. Kf5 {[%clk 0:02:32]} Bf7 {[%clk 0:02:19]} 94. Ke5
{[%clk 0:02:50]} Bh5 {[%clk 0:02:32]} 95. Ke6 {[%clk 0:02:45]} Bf7+
{[%clk 0:02:56]} 96. Kf5 {[%clk 0:02:39]} Be8 {[%clk 0:03:14]} 97. Kg5
{[%clk 0:03:02]} Bf7 {[%clk 0:03:34]} 98. Kh6 {[%clk 0:03:20]} Be8
{[%clk 0:03:57]} 99. Ne6 {[%clk 0:03:36]} Bg6 {[%clk 0:02:00]} 100. Ng5
{[%clk 0:03:43]} Bh5 {[%clk 0:01:39]} 101. f7 {[%clk 0:04:06]} Bg6
{[%clk 0:02:03]} 102. f8=Q# {[%clk 0:04:28]} Be8 1-0

[Event "PMPJ 2022 - C13"]
[Site "Jastrzebia Gora"]
[Date "2022.11.06"]
[Round "1.9"]
[White "Jaszczuk, Piotr"]
[Black "Kwiatkowski, Michal"]
[Result "1-0"]
[BlackElo "1198"]
[WhiteElo "1512"]
[LiveChessVersion "1.4.4"]

1. e4 {[%clk 1:30:55]} c5 {[%clk 1:30:19]} 2. Nf3 {[%clk 1:30:55]} g6
{[%clk 1:30:30]} 3. d4 {[%clk 1:31:13]} cxd4 {[%clk 1:30:50]} 4. Nxd4
{[%clk 1:31:31]} Bg7 {[%clk 1:31:10]} 5. c4 {[%clk 1:31:14]} Nc6 {[%clk 1:31:30]}
6. Be3 {[%clk 1:30:59]} Nf6 {[%clk 1:31:45]} 7. Nc3 {[%clk 1:30:57]} O-O
{[%clk 1:31:57]} 8. Be2 {[%clk 1:30:35]} d6 {[%clk 1:32:09]} 9. O-O
{[%clk 1:30:39]} Bd7 {[%clk 1:32:29]} 10. Qd2 {[%clk 1:27:24]} Nxd4
{[%clk 1:32:39]} 11. Bxd4 {[%clk 1:27:12]} Bc6 {[%clk 1:32:20]} 12. f3
{[%clk 1:26:44]} Nd7 {[%clk 1:33:00]} 13. Bxg7 {[%clk 1:24:54]} Kxg7
{[%clk 1:33:17]} 14. f4 {[%clk 1:24:24]} Qb6+ {[%clk 1:25:16]} 15. Kh1
{[%clk 1:23:56]} Nc5 {[%clk 1:24:04]} 16. Bf3 {[%clk 1:23:07]} Rad8
{[%clk 1:21:02]} 17. Rab1 {[%clk 1:13:13]} a5 {[%clk 1:20:30]} 18. f5
{[%clk 1:06:40]} Nd7 {[%clk 1:16:11]} 19. Ne2 {[%clk 0:58:29]} Ne5
{[%clk 1:15:02]} 20. b3 {[%clk 0:57:34]} Nxf3 {[%clk 1:09:16]} 21. gxf3
{[%clk 0:57:10]} Qc5 {[%clk 1:05:34]} 22. Ng3 {[%clk 0:55:27]} e6
{[%clk 1:02:15]} 23. Qg5 {[%clk 0:44:01]} Qe5 {[%clk 0:54:38]} 24. Rg1
{[%clk 0:27:57]} f6 {[%clk 0:40:08]} 25. Nh5+ {[%clk 0:28:02]} Kf7
{[%clk 0:34:08]} 26. fxg6+ {[%clk 0:24:32]} hxg6 {[%clk 0:33:47]} 27. Qxg6+
{[%clk 0:24:18]} Ke7 {[%clk 0:34:04]} 28. Rbe1 {[%clk 0:16:09]} Rf7
{[%clk 0:29:12]} 29. Qh6 {[%clk 0:11:52]} Qc3 {[%clk 0:26:48]} 30. Re3
{[%clk 0:09:39]} Qd2 {[%clk 0:26:13]} 31. Rg7 {[%clk 0:06:38]} Qc1+
{[%clk 0:17:24]} 32. Kg2 {[%clk 0:06:58]} Qd2+ {[%clk 0:16:32]} 33. Kh3
{[%clk 0:06:58]} Be8 {[%clk 0:12:41]} 34. Qxf6+ {[%clk 0:05:33]} Kd7
{[%clk 0:12:13]} 35. Rxf7+ {[%clk 0:05:01]} Bxf7 {[%clk 0:12:24]} 36. Qxf7+
{[%clk 0:04:59]} Kc6 {[%clk 0:12:23]} 37. Qf4 {[%clk 0:04:40]} Rh8
{[%clk 0:12:02]} 38. Qg5 {[%clk 0:04:51]} Rxh5+ {[%clk 0:12:05]} 39. Qxh5
{[%clk 0:05:07]} Qxe3 {[%clk 0:12:27]} 40. Qb5+ {[%clk 0:05:05]} Kc7
{[%clk 0:11:52]} 41. Qxa5+ {[%clk 0:05:18]} Kc6 {[%clk 0:10:10]} 42. Qh5
{[%clk 0:04:59]} Qf2 {[%clk 0:09:34]} 43. a4 {[%clk 0:04:08]} Qf1+
{[%clk 0:09:47]} 44. Kh4 {[%clk 0:03:45]} Qf2+ {[%clk 0:09:14]} 45. Kg5
{[%clk 0:03:54]} Qe3+ {[%clk 0:09:06]} 46. Kf6 {[%clk 0:03:54]} e5
{[%clk 0:06:38]} 47. Ke7 {[%clk 0:03:53]} Qxb3 {[%clk 0:06:02]} 48. Qe8+
{[%clk 0:04:10]} Kc5 {[%clk 0:05:51]} 49. Qb5+ {[%clk 0:04:28]} Qxb5
{[%clk 0:04:50]} 50. cxb5 {[%clk 0:04:49]} 1-0

[Event "PMPJ 2022 - C13"]
[Site "Jastrzebia Gora"]
[Date "2022.11.06"]
[Round "1.10"]
[White "Jasion, Wiktor"]
[Black "Wojtacha, Krzysztof"]
[Result "0-1"]
[BlackElo "1506"]
[WhiteElo "1180"]
[LiveChessVersion "1.4.4"]

1. e4 c5 2. Nf3 Nc6 3. d4 cxd4 4. Nxd4 Nf6 5. Nc3 e5 6. Ndb5 d6 7. Bg5 a6 8. Na3
b5 9. Nd5 Be7 10. Bxf6 Bxf6 11. c3 O-O 12. Nc2 Be7 13. a4 bxa4 14. Rxa4 Rb8 15.
b4 f5 16. exf5 Kh8 17. Bxa6 Bxf5 18. Nce3 Bd7 19. O-O Qe8 20. Nxe7 Nxe7 21. Ra1
Qg6 22. Bd3 Qg5 23. Ra6 Rf6 24. Qe2 Rh6 25. Qf3 Qh4 26. Qg3 Qh5 27. Re1 Bb5 28.
Bxb5 Rg6 29. Qh3 Qxh3 0-1

[Event "PMPJ 2022 - C13"]
[Site "Jastrzebia Gora"]
[Date "2022.11.06"]
[Round "1.11"]
[White "Grobelny, Mikolaj"]
[Black "Michalak, Leon"]
[Result "1-0"]
[BlackElo "1147"]
[WhiteElo "1493"]
[LiveChessVersion "1.4.4"]

1. e4 {[%clk 1:30:55]} e5 {[%clk 1:30:55]} 2. Nf3 {[%clk 1:31:20]} Nc6
{[%clk 1:31:18]} 3. Nc3 {[%clk 1:31:44]} Bc5 {[%clk 1:31:35]} 4. Nxe5
{[%clk 1:31:24]} Nxe5 {[%clk 1:31:58]} 5. d4 {[%clk 1:31:44]} Bd6
{[%clk 1:32:21]} 6. dxe5 {[%clk 1:31:41]} Bxe5 {[%clk 1:32:43]} 7. Bc4
{[%clk 1:30:41]} d6 {[%clk 1:32:38]} 8. Bd2 {[%clk 1:29:53]} Be6 {[%clk 1:32:30]}
9. Qe2 {[%clk 1:28:24]} Qd7 {[%clk 1:31:38]} 10. O-O-O {[%clk 1:22:41]} O-O-O
{[%clk 1:31:44]} 11. Bxe6 {[%clk 1:21:30]} fxe6 {[%clk 1:32:00]} 12. f4
{[%clk 1:21:44]} Bd4 {[%clk 1:31:33]} 13. Rhe1 {[%clk 1:11:25]} e5
{[%clk 1:31:14]} 14. Nb5 {[%clk 1:08:17]} Nf6 {[%clk 1:28:20]} 15. Qc4
{[%clk 1:04:11]} Nxe4 {[%clk 1:17:27]} 16. fxe5 {[%clk 0:44:09]} Nxd2
{[%clk 1:16:27]} 17. Rxd2 {[%clk 0:41:35]} dxe5 {[%clk 1:09:03]} 18. Kb1
{[%clk 0:40:16]} a6 {[%clk 1:04:49]} 19. Nxd4 {[%clk 0:38:21]} exd4
{[%clk 1:04:17]} 20. Rde2 {[%clk 0:28:21]} Rhe8 {[%clk 1:04:24]} 21. Rxe8
{[%clk 0:28:24]} Rxe8 {[%clk 1:04:49]} 22. Rxe8+ {[%clk 0:28:15]} Qxe8
{[%clk 1:05:15]} 23. a3 {[%clk 0:28:30]} Qf8 {[%clk 1:02:03]} 24. Ka2
{[%clk 0:27:24]} h6 {[%clk 0:45:38]} 25. Qxd4 {[%clk 0:26:20]} Qf7+
{[%clk 0:46:31]} 26. b3 {[%clk 0:26:17]} Qg6 {[%clk 0:46:47]} 27. Qf2
{[%clk 0:25:43]} c6 {[%clk 0:44:34]} 28. g3 {[%clk 0:24:28]} Kc7 {[%clk 0:45:01]}
29. Kb2 {[%clk 0:24:32]} Qd6 {[%clk 0:40:59]} 30. Qf7+ {[%clk 0:22:18]} Qd7
{[%clk 0:40:29]} 31. Qf4+ {[%clk 0:20:51]} Qd6 {[%clk 0:40:51]} 32. Kc3
{[%clk 0:17:10]} Qxf4 {[%clk 0:40:21]} 33. gxf4 {[%clk 0:17:33]} Kd6
{[%clk 0:40:43]} 34. Kd4 {[%clk 0:17:27]} g6 {[%clk 0:40:43]} 35. b4
{[%clk 0:17:04]} b6 {[%clk 0:38:53]} 36. c4 {[%clk 0:15:00]} c5+ {[%clk 0:38:50]}
37. bxc5+ {[%clk 0:13:51]} bxc5+ {[%clk 0:39:16]} 38. Ke4 {[%clk 0:13:57]} Ke6
{[%clk 0:39:33]} 39. h3 {[%clk 0:13:41]} 1-0

[Event "PMPJ 2022 - C13"]
[Site "Jastrzebia Gora"]
[Date "2022.11.06"]
[Round "1.12"]
[White "Fil, Grzegorz"]
[Black "Rajlich, Vaclav"]
[Result "1-0"]
[BlackElo "1488"]
[WhiteElo "1140"]
[LiveChessVersion "1.4.4"]

1. e4 c5 2. Nf3 Nc6 3. d4 cxd4 4. Nxd4 g6 5. Nc3 Bg7 6. Be3 Nf6 7. f3 O-O 8. Bc4
Qb6 9. Bb3 Nxe4 10. Nd5 Qa5+ 11. c3 Nd6 12. Nxc6 bxc6 13. Nxe7+ Kh8 14. Qxd6 Ba6
15. Qxd7 Qe5 16. Kf2 Rae8 17. Rhe1 Rxe7 18. Qxc6 Bb7 19. Qc5 Qxh2 20. Qxe7 Bxf3
21. Kxf3 Qh5+ 22. Kf2 Qf5+ 23. Kg1 h5 24. Qc5 Qg4 25. Bd4 f6 26. Re7 h4 27. Rxg7
1-0